| 000 | 00500nam a2200157Ia 4500 | ||
|---|---|---|---|
| 999 |
_c36589 _d36589 |
||
| 003 | OSt | ||
| 005 | 20201211114437.0 | ||
| 008 | 190216s9999||||xx |||||||||||||| ||und|| | ||
| 040 | _coclc | ||
| 082 |
_a336.3094 _bPUC/F |
||
| 100 |
_aPuchala, Donald J _97384 |
||
| 245 | 0 |
_aFiscal Harmonization In The European Communities / _c Donald J Puchala |
|
| 260 |
_bFrances Pinter Publishers, _c1984. _aLondon: |
||
| 300 | _a155p | ||
| 942 |
_cREF _2ddc _h336.3094 _iPUC/F _k336.3094 _mPUC/F |
||